000 00496nam a22001457a 4500
005 20180823143537.0
020 _a8173914060
_c395.00
035 _aB-058671, B-058673
037 _aDPL
_bENG
100 _aChopra, H. S.
245 _aLibraries and the culture of knowledge :
_bAn indian retrospective from ancient to modern times /
_cby H. S. Chopra
260 _aNew Delhi
_bKanishka Publishers, Distributors
_c2001
300 _axi, 160p.
_c20 cms.
942 _2ddc
_cEN
_h020
_mLIB
999 _c63432
_d63432